00326nam a2200121Ia 45000030006000000080041000060400015000471000045000622450059001072600009001665460012001750050017001870STCL150530s9999 xx 000 0 und d aSTCLcSTCL aSuperintendent Government printing India aCalcutta university commission 1917-19 Report Vol VIII c1919 aEnglish20220125165724.0